000 00329nam a2200133Ia 4500
008 240624s9999 xx 000 0 und d
041 _aeng
082 _a823 VIN
100 _aVINCI LEONARDO DA
245 _aDA VINCI NOTEBOOKS
260 _c2006
_aLondon
_bProfile Books Ltd.
300 _a217 : p. : cm. ; 18
365 _cRS
_b33
999 _c10800
_d10800